Normal view
MARC view
Entry Personal Name
001 - CONTROL NUMBER
- control field: 26040
003 - CONTROL NUMBER IDENTIFIER
- control field: dpl
005 - DATE AND TIME OF LATEST TRANSACTION
- control field: 20110217153913.0
008 - FIXED-LENGTH DATA ELEMENTS
- fixed length control field: 110217|||a|||||| | ||| d
040 ## - CATALOGING SOURCE
- Original cataloging agency: dpl
- Transcribing agency: dpl
100 ## - HEADING--PERSONAL NAME
- Personal name: Rawls, John,
- Dates associated with a name: 1921-2002.
- Title of a work: Theory of justice.
670 ## - SOURCE DATA FOUND
- Source citation: Work cat.: (dpl)35568: Sen, Amartya 26039, The idea of justice /, 2009.
670 ## - SOURCE DATA FOUND
- Source citation: Work cat.: (dpl)35568: Sen, Amartya 26039, The idea of justice /, 2009.
